Score 0/15 Timer 06:00
1 Play Today
% Correct
Hurricanes
96.2%
Earthquakes
93.1%
Tornadoes
91.3%
Floods
89.9%
Tsunamis
85%
Wildfires
76.8%
Fire
71.9%
Winter Storms & Extreme Cold
67.5%
% Correct
Landslides & Debris Flows
65.9%
Volcanoes
65.7%
Drought
62.3%
Heat
46.1%
Biological Threat
27.1%
Radiation and Nuclear
25.4%
Chemical Threat
19%
Remove Ads.
Support Sporcle.
Get the best of Sporcle when you Go Orange. This ad-free experience offers more features, more stats, and more fun while also helping to support Sporcle. Thank you for becoming a member.

You're not logged in!

Compare scores with friends on all Sporcle quizzes.
OR
Log In

Sporcle TV

Today on Sporcle TV


Watch our educational content, quiz creation guides, and fun videos on Sporcle TV.

Show Comments

Extras

Top Quizzes Today


Score Distribution

Paid Content

Your Account Isn't Verified!

In order to create a playlist on Sporcle, you need to verify the email address you used during registration. Go to your Sporcle Settings to finish the process.

Report this User

Report this user for behavior that violates our Community Guidelines.

Details: